Welcome to CU Library Online Public Access Catalogue (OPAC)

Development of a country is a Collective Effort: (Record no. 5591)

MARC details
000 -LEADER
fixed length control field 00458nam a22001577a 4500
005 - DATE AND TIME OF LATEST TRANSACTION
control field 20250428183114.0
008 - FIXED-LENGTH DATA ELEMENTS--GENERAL INFORMATION
fixed length control field 250428b |||||||| |||| 00| 0 eng d
020 ## - INTERNATIONAL STANDARD BOOK NUMBER
International Standard Book Number 9781409201922
050 ## - LIBRARY OF CONGRESS CALL NUMBER
Classification number HD82
Item number .G4 AWU
100 ## - MAIN ENTRY--PERSONAL NAME
Personal name Awuah Gabriel Baffour
245 ## - TITLE STATEMENT
Title Development of a country is a Collective Effort:
Remainder of title The Case of Ghana
Statement of responsibility, etc. Gabriel Baffour Awuah
260 ## - PUBLICATION, DISTRIBUTION, ETC.
Place of publication, distribution, etc. Accra
Date of publication, distribution, etc. 2008
300 ## - PHYSICAL DESCRIPTION
Extent xii. 178p.
Dimensions 21 cm
650 ## - SUBJECT ADDED ENTRY--TOPICAL TERM
Source of heading or term Development
942 ## - ADDED ENTRY ELEMENTS (KOHA)
Source of classification or shelving scheme Library of Congress Classification
Koha item type Books
Suppress in OPAC No
999 ## -
-- 5591
-- 5591
Holdings
Withdrawn status Lost status Source of classification or shelving scheme Damaged status Not for loan Collection Home library Current library Shelving location Date acquired Total checkouts Full call number Barcode Date last seen Copy number Price effective from Koha item type
    Library of Congress Classification     Non-fiction Business Library (Miotso) Business Library (Miotso) General stacks 04/28/2025   HD82 .G4 AWU BSSM00002147 04/28/2025 1 04/28/2025 Books
© 2023-2024 Copyright: Central University Libraries. All Rights Reserved | Created by: Mahone Tech Office